000 03629cam a2200385 4500500
005 20260111073659.0
041 _afre
042 _adc
100 1 0 _aGrégoire, Tiphaine
_eauthor
245 0 0 _aHypertension artérielle et insuffisance rénale : abord thérapeutique avec mise en place d’un traitement prenant en compte l’insuffisance rénale et cardiaque
260 _c2025.
500 _a31
520 _aLe syndrome cardio-rénal (SCR) chez le chien et le chat désigne l’interaction pathologique entre dysfonction cardiaque et rénale, où la défaillance d’un organe aggrave celle de l’autre. Ce syndrome, souvent sous-diagnostiqué, complexifie la prise en charge thérapeutique, car il nécessite de trouver un équilibre délicat entre maintien de la perfusion rénale, contrôle de la pression artérielle, prise en charge de la congestion et limitation de la progression de la maladie rénale chronique (MRC). Cet article propose une synthèse des recommandations actuelles (IRIS, ACVIM) et des études récentes concernant la gestion combinée de l’insuffisance cardiaque, de la MRC et de l’hypertension artérielle chez les animaux en syndrome cardio-rénal. L’approche thérapeutique repose sur une individualisation des traitements : choix raisonné des diurétiques, inhibiteurs du SRAA (IECA, antagonistes des récepteurs de l’angiotensine II), bloqueurs calciques et bêta-bloquants, tout en tenant compte du statut volémique, du risque d’azotémie et de l’évolution de la fonction rénale. La surveillance rapprochée et les ajustements thérapeutiques progressifs sont essentiels pour optimiser la qualité de vie de ces animaux difficiles à prendre en charge.
520 _aCardiorenal syndrome (CRS) in dogs and cats refers to the pathological interplay between cardiac and renal dysfunction, where failure of one organ exacerbates the other. Frequently underdiagnosed, CRS presents significant therapeutic challenges, as clinicians must balance renal perfusion, blood pressure control, volume status, and the progression of chronic kidney disease (CKD). This article provides an overview of current recommendations (IRIS, ACVIM) and recent studies on the integrated management of heart failure, CKD, and systemic hypertension in cardiorenal patients. Therapeutic strategies must be tailored individually, taking into account the patient’s clinical profile and disease stage. This includes thoughtful use of diuretics, RAAS inhibitors (ACE inhibitors, angiotensin II receptor blockers), calcium channel blockers, and beta-blockers, while closely monitoring hydration status, azotemia risk, and renal function evolution. Frequent reassessment and gradual treatment adjustments are key to improving outcomes and quality of life in these complex cases.
690 _achat
690 _achien
690 _adiurétiques
690 _ahypertension artérielle
690 _ainsuffisance cardiaque
690 _amaladie rénale chronique
690 _aSRAA
690 _asyndrome cardio-rénal
690 _athérapeutique combinée
690 _acardiorenal syndrome
690 _acat
690 _achronic kidney disease
690 _acombined therapy
690 _adiuretics
690 _adog
690 _aheart failure
690 _aRAAS
690 _asystemic hypertension
786 0 _nLe Nouveau Praticien Vétérinaire - Canine & féline | 22 | 2-3 | 2025-12-10 | p. 132-142 | 1637-3065
856 4 1 _uhttps://stm.cairn.info/revue-le-nouveau-praticien-veterinaire-canine-feline-2025-2-3-page-132?lang=fr&redirect-ssocas=7080
999 _c1615510
_d1615510